000
00388nam a2200133Ia 4500
008
151001s9999||||xx |||||||||||||| ||und||
100
_a
मदनलाल शर्मा
245
_a
प्रेरणादायक सामाजिक कहानियां
250
_a
1
260
_b
किरण प्रकाशन
260
_c
2012
300
_a
95
365
_b
21
999
_c
999147
_d
999144